=LDR 00000nam 2200000 4500 =001 INLIS000000000021306 =005 20130612120156 =008 ***********************************Ind** =035 ##$$0010-061300000021306 =041 ##$$a Ind =082 ##$$a 378.83 =090 ##$$a 378.83, Dam i =100 ##$$a Damiri =245 ##$$a Ilmu pengetahuan sosial untuk SD kelas 4, Damiri =260 ##$$a 1995 $b Surakarta =300 ##$$a vi, 112 hlm, ilus, 28 cm =650 ##$$a Pendidikan dasar-Studi dan pengajaran =850 ##$$a NBPNMAT